Statistics for Capital of What #2

Click here to take the quiz!

General Stats

  • This quiz has been taken 1,737 times
    (1,644 since last reset)
  • The average score is 19 of 30

Answer Stats

CapitalCountry or Territory% Correct
BrusselsBelgium
99%
BudapestHungary
98%
BaghdadIraq
98%
BogotáColombia
94%
Cape TownSouth Africa
93%
ReykjavikIceland
92%
WarsawPoland
91%
SeoulSouth Korea
91%
Addis AbabaEthiopia
89%
TehranIran
88%
KathmanduNepal
88%
MinskBelarus
87%
Phnom PenhCambodia
81%
NicosiaCyprus
80%
NassauBahamas
75%
SkopjeMacedonia
74%
MogadishuSomalia
73%
JuneauAlaska, USA
69%
KinshasaDR Congo
69%
San JuanPuerto Rico, USA
54%
HobartTasmania, Australia
52%
HalifaxNova Scotia, Canada
51%
GuangzhouGuangdong, China
22%
KolkataWest Bengal, India
22%
MarseillesProvence-A-CA, France
21%
TurinPiedmont, Italy
17%
Rio de JaneiroRio de Janeiro state, Brazil
12%
CaernarfonGwynedd, Wales, UK
7%
NazarethNorth District, Israel
4%
VillahermosaTabasco, Mexico
4%

Score Distribution

Percentile by Number Answered

Percent of People with Each Score

Your Score History

You have not taken this quiz since the last reset